| 000 | 00447cam a2200193ua 4500 | ||
|---|---|---|---|
| 001 | 7021 | ||
| 008 | 141119n ii |||gr||||Z||||||asm | ||
| 020 | _a9788120288157 | ||
| 040 | _cMAIN | ||
| 041 | _aasm | ||
| 082 | _a323 | ||
| 100 |
_aHatibaruah, Diganta, _eAuthor. |
||
| 245 | 1 |
_aManob adhikar _cBy Diganta Hatibaruah |
|
| 250 | _a1st. | ||
| 260 |
_aGolaghat: _bSaraswati, _c2009. |
||
| 300 | _a357p. | ||
| 653 | _aHuman rights | ||
| 942 | _cBK | ||
| 999 |
_c6161 _d6161 |
||